000 00401nmm a2200145Ia 4500
008 251105s9999||||xx |||||||||||||||||und||
041 _aspa
100 _aHidalgo, Nieves
245 0 _aHijos de otro barro
264 _a[Madrid, España] :
_bEdiciones B,
_c2014
300 _a272 páginas
650 _aHistorical fiction
856 _uhttps://public.digitaliapublishing.com/a/53166
942 _cCF
999 _c105088
_d105088